[Event "Forcing Moves Winter-2 U1600"]
[Site "Mississauga CAN"]
[Date "2023.02.25"]
[Round "1.13"]
[White "Barnsdale, Nicholas"]
[Black "Dodd, Alex"]
[Result "0-1"]
[WhiteElo "917"]
[BlackElo "1175"]
[PlyCount "48"]
[EventDate "2023.02.25"]
[EventType "swiss"]
[EventRounds "5"]
[EventCountry "CAN"]

1. e4 c6 2. d4 d5 3. e5 Bf5 4. Nf3 e6 5. Bd3 Bxd3 6. Qxd3 c5 7. c3 Nc6 8. O-O
cxd4 9. cxd4 Nge7 10. Nc3 Nf5 11. g4 Nh4 12. Ne2 Be7 13. Nxh4 Bxh4 14. f4 Be7
15. Ng3 O-O 16. f5 Rc8 17. Bh6 Bg5 18. Bxg7 Kxg7 19. f6+ Kh8 20. Nh5 Qb6 21. h4
Nxe5 22. Qh3 Qxd4+ 23. Kh1 Qe4+ 24. Kh2 Rc2+ 0-1

[Event "Forcing Moves Winter-2 U1600"]
[Site "Mississauga CAN"]
[Date "2023.02.25"]
[Round "1.14"]
[White "Anish, Diganth"]
[Black "Zheng, Kingsley"]
[Result "0-1"]
[WhiteElo "1157"]
[BlackElo "910"]
[PlyCount "84"]
[EventDate "2023.02.25"]
[EventType "swiss"]
[EventRounds "5"]
[EventCountry "CAN"]

1. e4 e5 2. Nf3 Nc6 3. Bc4 Nf6 4. Nc3 Nxe4 5. Nxe4 d5 6. Bxd5 Qxd5 7. Nc3 Qd8
8. d3 h6 9. Be3 Be7 10. h3 Bf5 11. Qd2 Qd7 12. O-O O-O 13. Rad1 Rad8 14. Rfe1
Rfe8 15. a3 Nd4 16. Bxd4 exd4 17. Ne2 c5 18. Ng3 Be6 19. Ne5 Qc7 20. Nf3 Bd5
21. Nh2 Bg5 22. f4 Bxf4 23. Qf2 Bxg3 24. Rxe8+ Rxe8 25. Qf5 Bxh2+ 26. Kh1 Bc6
27. Rf1 Re5 28. Qf2 Rg5 29. Qe2 Bxg2+ 30. Qxg2 Rxg2 31. Kxg2 Qg3+ 32. Kh1 Qxh3
33. Rf2 Bg3+ 34. Kg1 Bxf2+ 35. Kxf2 g5 36. c3 Qxd3 37. cxd4 Qxd4+ 38. Kg2 Qxb2+
39. Kh1 c4 40. a4 c3 41. a5 c2 42. a6 c1=R# 0-1

[Event "Forcing Moves Winter-2 U1600"]
[Site "Mississauga CAN"]
[Date "2023.02.25"]
[Round "1.15"]
[White "Natarajan, Bhargav"]
[Black "Baradi, Justin"]
[Result "0-1"]
[WhiteElo "518"]
[BlackElo "1105"]
[PlyCount "82"]
[EventDate "2023.02.25"]
[EventType "swiss"]
[EventRounds "5"]
[EventCountry "CAN"]

1. e4 c5 2. Bc4 e6 3. Nf3 Nc6 4. O-O d5 5. exd5 exd5 6. Bb5 Bd7 7. Bxc6 Bxc6 8.
Re1+ Be7 9. Nc3 Nf6 10. d3 O-O 11. h3 Re8 12. Bd2 b5 13. d4 b4 14. Ne2 Ne4 15.
dxc5 Bxc5 16. Be3 Bxe3 17. fxe3 Qb6 18. Qd4 Qb7 19. Rab1 a5 20. a3 Ra7 21. axb4
axb4 22. c3 b3 23. Ra1 Ra2 24. Qd1 Rxb2 25. Rb1 Rxb1 26. Qxb1 b2 27. Qa2 Ra8
28. Qb1 Ra1 29. Qxa1 bxa1=R 30. Rxa1 Qb2 31. Ra6 Qb5 32. Ra7 Qxe2 33. Rc7 Qa6
34. Ne5 Be8 35. Re7 Kf8 36. Rc7 Qd6 37. Rb7 Qxe5 38. Rb3 Nxc3 39. Kf2 Ne4+ 40.
Ke2 Qg3 41. Kf1 Qf2# 0-1

[Event "Forcing Moves Winter-2 U1600"]
[Site "Mississauga CAN"]
[Date "2023.02.25"]
[Round "2.7"]
[White "Dodd, Alex"]
[Black "Garg, Shlok"]
[Result "1-0"]
[WhiteElo "1175"]
[BlackElo "1340"]
[PlyCount "133"]
[EventDate "2023.02.25"]
[EventType "swiss"]
[EventRounds "5"]
[EventCountry "CAN"]

1. d4 Nf6 2. c4 e5 3. dxe5 Ng4 4. Nf3 Bc5 5. e3 Nc6 6. Nc3 Ngxe5 7. Be2 d6 8.
O-O O-O 9. Na4 Bb6 10. Nxb6 axb6 11. Qc2 Bg4 12. Nxe5 Nxe5 13. Qe4 Qc8 14. Bxg4
Nxg4 15. b3 Re8 16. Qd4 Qd7 17. Bb2 f6 18. Qd5+ Kh8 19. Qxb7 Ne5 20. Qd5 Qg4
21. Bxe5 fxe5 22. a4 Qg6 23. Rfc1 Rf8 24. a5 Qf5 25. f3 bxa5 26. Rxa5 Rab8 27.
Qd1 Rb7 28. Rb1 Qe6 29. Qd5 Qg6 30. e4 Rb6 31. Ra8 Qf6 32. b4 c6 33. Rxf8+ Qxf8
34. Qa5 Qb8 35. b5 Kg8 36. Rb4 Kf7 37. Kf2 Ke6 38. Ke3 c5 39. Rb3 Qd8 40. Rd3
Qg5+ 41. Kf2 Qh4+ 42. Kf1 Rb7 43. Qa6 Qe7 44. Rxd6+ Qxd6 45. Qxb7 Qd3+ 46. Kf2
Qd2+ 47. Kg3 Qg5+ 48. Kf2 Qd2+ 49. Kf1 Qd3+ 50. Ke1 Qc3+ 51. Kd1 Qd3+ 52. Kc1
Qf1+ 53. Kb2 Qxg2+ 54. Ka3 Qxf3+ 55. Ka4 Qd1+ 56. Ka5 g5 57. Qc6+ Kf7 58. b6
Qa1+ 59. Kb5 Qb2+ 60. Kxc5 g4 61. b7 Qa3+ 62. Kb6 Qb2+ 63. Kc7 Qxh2 64. Qd7+
Kf6 65. b8=Q h5 66. Qf8+ Kg5 67. Qde7+ 1-0

[Event "Forcing Moves Winter-2 U1600"]
[Site "Mississauga CAN"]
[Date "2023.02.25"]
[Round "2.8"]
[White "Sreekumar Maliekal, Balakrishnan"]
[Black "Baradi, Justin"]
[Result "1-0"]
[WhiteElo "1329"]
[BlackElo "1105"]
[PlyCount "69"]
[EventDate "2023.02.25"]
[EventType "swiss"]
[EventRounds "5"]
[EventCountry "CAN"]

1. d4 d5 2. c4 e6 3. Nf3 Nf6 4. g3 c5 5. cxd5 exd5 6. Bg2 Nc6 7. O-O Bf5 8. Nc3
c4 9. Bg5 Be7 10. Ne5 Ne4 11. Nxc6 bxc6 12. Bf4 O-O 13. Nxe4 dxe4 14. Rc1 Qd5
15. Rc2 Rfd8 16. Qc1 Qxd4 17. Rxc4 Qd5 18. Be3 Bg6 19. b3 f5 20. Rxc6 Be8 21.
Rc4 Bb5 22. Rd4 Qb7 23. Rd2 Rac8 24. Rxd8+ Bxd8 25. Qb2 a5 26. Rd1 Qa6 27. Bf1
Bf6 28. Bd4 Bxd4 29. Qxd4 Bxe2 30. Bxe2 Qxe2 31. Qd5+ Kf8 32. Qd6+ Kf7 33. Qd7+
Kg6 34. Rd6+ Kg5 35. Qxg7+ 1-0

[Event "Forcing Moves Winter-2 U1600"]
[Site "Mississauga CAN"]
[Date "2023.02.25"]
[Round "2.9"]
[White "Dembla, Shabd"]
[Black "Li, Allen"]
[Result "0-1"]
[WhiteElo "1054"]
[BlackElo "1190"]
[PlyCount "68"]
[EventDate "2023.02.25"]
[EventType "swiss"]
[EventRounds "5"]
[EventCountry "CAN"]

1. e4 e5 2. Nf3 Nc6 3. Bc4 Bc5 4. O-O d6 5. h3 Nf6 6. d3 h6 7. Nc3 O-O 8. Be3
Bb6 9. Qd2 Be6 10. Bb3 Qd7 11. Kh2 Kh7 12. d4 exd4 13. Nxd4 Bxd4 14. Bxd4 Nxd4
15. Qxd4 Bxb3 16. axb3 a6 17. Qd3 Kg8 18. Rad1 Qe6 19. f4 Nd7 20. Qg3 f5 21.
Rde1 fxe4 22. Nxe4 Qf5 23. Qc3 Rac8 24. g4 Qf7 25. Ng3 Qf6 26. Qc4+ Qf7 27. Qc3
Qf6 28. Nf5 Qxc3 29. bxc3 Rce8 30. Nd4 Rxe1 31. Rxe1 Rxf4 32. Kg3 Rf7 33. Nf5
Ne5 34. h4 h5 0-1

[Event "Forcing Moves Winter-2 U1600"]
[Site "Mississauga CAN"]
[Date "2023.02.25"]
[Round "2.10"]
[White "Tuladhar, Jude"]
[Black "Zheng, Kingsley"]
[Result "1-0"]
[WhiteElo "1189"]
[BlackElo "910"]
[PlyCount "41"]
[EventDate "2023.02.25"]
[EventType "swiss"]
[EventRounds "5"]
[EventCountry "CAN"]

1. Nf3 Nc6 2. e4 e5 3. c3 Nf6 4. d4 exd4 5. e5 Ng4 6. cxd4 d6 7. h3 Nh6 8. Bxh6
gxh6 9. Bb5 Bd7 10. O-O Rg8 11. Re1 Be7 12. Nc3 Bxh3 13. Qd3 Rxg2+ 14. Kh1 Rxf2
15. Nd5 Kd7 16. exd6 Bxd6 17. Ne5+ Bxe5 18. Qxh3+ Kd6 19. dxe5+ Kxd5 20. Qb3+
Kd4 21. Qc4# 1-0

[Event "Forcing Moves Winter-2 U1600"]
[Site "Mississauga CAN"]
[Date "2023.02.25"]
[Round "2.12"]
[White "Ambilwade, Ojal"]
[Black "Prakash, Tejas"]
[Result "1-0"]
[WhiteElo "1588"]
[BlackElo "631"]
[PlyCount "49"]
[EventDate "2023.02.25"]
[EventType "swiss"]
[EventRounds "5"]
[EventCountry "CAN"]

1. c4 g6 2. d4 Bg7 3. Nc3 e6 4. Nf3 Ne7 5. e4 d6 6. Bd3 Nbc6 7. Be3 O-O 8. O-O
e5 9. d5 Nb4 10. Be2 c5 11. a3 Na6 12. Qd2 Nb8 13. Bh6 Bg4 14. Bxg7 Kxg7 15.
Ng5 Bxe2 16. Nxe2 f6 17. Ne6+ Kf7 18. Nxd8+ Rxd8 19. Qh6 Ng8 20. Qxh7+ Kf8 21.
Qxg6 Ne7 22. Qxf6+ Ke8 23. f4 Rd7 24. fxe5 dxe5 25. Qf8# 1-0

[Event "Forcing Moves Winter-2 U1600"]
[Site "Mississauga CAN"]
[Date "2023.02.25"]
[Round "2.13"]
[White "Shi, Sean"]
[Black "Hong, Zihan"]
[Result "1/2-1/2"]
[WhiteElo "1187"]
[BlackElo "1014"]
[PlyCount "73"]
[EventDate "2023.02.25"]
[EventType "swiss"]
[EventRounds "5"]
[EventCountry "CAN"]

1. e4 d5 2. exd5 Qxd5 3. Nc3 Qa5 4. Nf3 Bg4 5. Be2 Nf6 6. d4 Nc6 7. O-O O-O-O
8. Bf4 Bxf3 9. Bxf3 Nxd4 10. Qd3 e5 11. Bg5 Nxf3+ 12. Qxf3 Rd6 13. Qf5+ Kb8 14.
Rfd1 Be7 15. Rxd6 cxd6 16. Bxf6 Bxf6 17. Ne4 Qd8 18. Rd1 d5 19. f4 Re8 20. Nxf6
Qb6+ 21. Kf1 Qa6+ 22. Kf2 Qb6+ 23. Kg3 Qe3+ 24. Kh4 Qf2+ 25. Kh3 gxf6 26. Qxf6
exf4 27. Qd6+ Ka8 28. Qxd5 a6 29. Rd2 Qe3+ 30. Kg4 Rg8+ 31. Kh5 f3 32. gxf3 h6
33. Kh4 Qe1+ 34. Kh3 h5 35. Qxf7 Qf1+ 36. Kh4 Qe1+ 37. Kh3 1/2-1/2

[Event "Forcing Moves Winter-2 U1600"]
[Site "Mississauga CAN"]
[Date "2023.02.25"]
[Round "2.14"]
[White "Sreekumar, Gayathri"]
[Black "Anish, Diganth"]
[Result "0-1"]
[WhiteElo "974"]
[BlackElo "1157"]
[PlyCount "84"]
[EventDate "2023.02.25"]
[EventType "swiss"]
[EventRounds "5"]
[EventCountry "CAN"]

1. d4 Nf6 2. c4 e6 3. Nf3 d5 4. g3 g6 5. Bg2 Bg7 6. O-O O-O 7. Nc3 b6 8. Bf4 a6
9. Qc2 Bb7 10. Rfd1 Nbd7 11. Ne5 Rc8 12. Qb3 c6 13. Nxd7 Nxd7 14. e4 Nf6 15. e5
Nd7 16. a4 a5 17. c5 Rb8 18. cxb6 Nxb6 19. Rac1 Ba6 20. Qc2 Rb7 21. Rb1 Nc4 22.
Bf1 Qa8 23. b3 Na3 24. Qc1 Nxb1 25. Nxb1 Bxf1 26. Rxf1 Rxb3 27. Nd2 Rb4 28. Bg5
Rxa4 29. Nf3 Rc4 30. Qa3 Qa7 31. Be7 Re8 32. Bc5 Qa6 33. Qb3 a4 34. Qb2 Qa5 35.
Nd2 Rc3 36. Bb4 Rb3 37. Nxb3 Qxb4 38. Qc2 axb3 39. Qxc6 Rb8 40. Ra1 b2 41. Rb1
Qc4 42. Qxc4 dxc4 0-1

[Event "Forcing Moves Winter-2 U1600"]
[Site "Mississauga CAN"]
[Date "2023.02.25"]
[Round "2.15"]
[White "Deshpande, Rucha"]
[Black "Sekaran, Adithya"]
[Result "0-1"]
[WhiteElo "961"]
[BlackElo "1054"]
[PlyCount "78"]
[EventDate "2023.02.25"]
[EventType "swiss"]
[EventRounds "5"]
[EventCountry "CAN"]

1. d4 Nf6 2. c4 g6 3. Nc3 Bg7 4. Bf4 d6 5. Nf3 Bd7 6. e3 Nh5 7. Bg3 Nxg3 8.
hxg3 Nc6 9. Be2 e6 10. Qc2 Qe7 11. O-O-O O-O-O 12. e4 f5 13. exf5 gxf5 14. d5
Nb4 15. Qb3 Bxc3 16. bxc3 Na6 17. Kc2 Nc5 18. Qb2 Ba4+ 19. Kd2 Ne4+ 20. Ke3
Bxd1 21. Rxd1 Qf6 22. Nd4 e5 23. Nb3 Qg5+ 24. Kd3 Nxf2+ 25. Kc2 Nxd1 26. Kxd1
Qe3 27. Na5 Qb6 28. Qxb6 axb6 29. Nb3 Rhg8 30. Bf3 Rxg3 31. Ke2 e4 32. Kf2 Rdg8
33. Bh5 Rxg2+ 34. Ke3 R8g3+ 35. Kd4 e3 36. Nc1 Rd2+ 37. Nd3 e2 38. Bxe2 Rxe2
39. Nf4 Re4# 0-1

[Event "Forcing Moves Winter-2 U1600"]
[Site "Mississauga CAN"]
[Date "2023.02.25"]
[Round "2.16"]
[White "Lewis, Matt"]
[Black "Barnsdale, Nicholas"]
[Result "0-1"]
[WhiteElo "1000"]
[BlackElo "917"]
[PlyCount "100"]
[EventDate "2023.02.25"]
[EventType "swiss"]
[EventRounds "5"]
[EventCountry "CAN"]

1. e4 e6 2. Nf3 d5 3. exd5 exd5 4. d4 Nf6 5. c4 Nc6 6. h3 Bb4+ 7. Nbd2 Bf5 8.
a3 Bd6 9. cxd5 Nxd5 10. Bc4 Nf6 11. d5 Ne5 12. Nxe5 Bxe5 13. Qe2 Qe7 14. Nf3
Bd6 15. Qxe7+ Bxe7 16. O-O O-O-O 17. Ne5 Rhf8 18. d6 Rxd6 19. Nxf7 Rd4 20. Ba2
Nd7 21. Be3 Re4 22. b4 Bg6 23. Ng5 Rxe3 24. Ne6 Rxa3 25. Nxf8 Nxf8 26. Be6+
Nxe6 27. Rxa3 a6 28. Re3 Kd7 29. Rd1+ Bd6 30. g3 Ke7 31. Rde1 Bf7 32. Re4 c5
33. bxc5 Bxc5 34. Re5 Kd6 35. Rf5 Bg6 36. Rfe5 Nd4 37. R5e3 Bf7 38. Rc1 Nb3 39.
Rd1+ Kc6 40. Red3 b5 41. Rd7 Bg6 42. Rxg7 b4 43. Rdd7 a5 44. Rc7+ Kb5 45. Kf1
a4 46. Rg8 a3 47. Rb7+ Kc4 48. Ra8 Be4 49. Rxb4+ Kxb4 50. f4 Bxa8 0-1

[Event "Forcing Moves Winter-2 U1600"]
[Site "Mississauga CAN"]
[Date "2023.02.25"]
[Round "2.17"]
[White "Barbisan, Owen"]
[Black "Routray, Anshuman"]
[Result "1-0"]
[WhiteElo "921"]
[BlackElo "997"]
[PlyCount "81"]
[EventDate "2023.02.25"]
[EventType "swiss"]
[EventRounds "5"]
[EventCountry "CAN"]

1. d4 d5 2. Bf4 c5 3. e3 Nc6 4. c3 f6 5. Bb5 Bd7 6. Nf3 Qb6 7. Bxc6 Bxc6 8. Qc2
Bb5 9. Nbd2 e6 10. Nb3 c4 11. Nbd2 Ne7 12. O-O Ng6 13. Bg3 Bd6 14. Rfe1 O-O 15.
e4 Bxg3 16. hxg3 dxe4 17. Qxe4 Rae8 18. d5 f5 19. Qc2 exd5 20. Rxe8 Rxe8 21.
Qxf5 Re2 22. Qxd5+ Kf8 23. Qd4 Qa6 24. Kf1 Re7 25. Qc5 Qa4 26. Nd4 a6 27. Nf5
Qc2 28. Nxe7 Nxe7 29. Qe3 Qxb2 30. Re1 Nd5 31. Qc5+ Ne7 32. Qxe7+ Kg8 33. Qd8+
Kf7 34. Re7+ Kg6 35. Qd6+ Kh5 36. Re5+ g5 37. g4+ Kxg4 38. Qd4+ Kh5 39. g4+ Kh4
40. Qe3 Kxg4 41. Qg3+ 1-0

[Event "Forcing Moves Winter-2 U1600"]
[Site "Mississauga CAN"]
[Date "2023.02.25"]
[Round "3.7"]
[White "Tuladhar, Jude"]
[Black "Sreekumar Maliekal, Balakrishnan"]
[Result "1-0"]
[WhiteElo "1189"]
[BlackElo "1329"]
[PlyCount "67"]
[EventDate "2023.02.25"]
[EventType "swiss"]
[EventRounds "5"]
[EventCountry "CAN"]

1. Nf3 Nf6 2. g3 g6 3. Bg2 Bg7 4. O-O O-O 5. d4 d6 6. c4 Nbd7 7. b3 c5 8. Bb2
b6 9. dxc5 Nxc5 10. Nd4 Bb7 11. Bxb7 Nxb7 12. Nc3 Nc5 13. Qd2 Rc8 14. Rad1 Qd7
15. f3 Ne6 16. Nxe6 fxe6 17. e4 e5 18. Kg2 h5 19. Nd5 Kh7 20. Bc1 Qe6 21. Ba3
Nxd5 22. Qxd5 Qf6 23. Rde1 h4 24. Bc1 hxg3 25. hxg3 g5 26. Be3 Kg6 27. f4 gxf4
28. gxf4 exf4 29. Rxf4 Qb2+ 30. Kf3 Rxf4+ 31. Bxf4 Qf6 32. Rg1+ Kh7 33. Rh1+
Kg6 34. Qh5# 1-0

[Event "Forcing Moves Winter-2 U1600"]
[Site "Mississauga CAN"]
[Date "2023.02.25"]
[Round "3.8"]
[White "Li, Allen"]
[Black "Dodd, Alex"]
[Result "0-1"]
[WhiteElo "1190"]
[BlackElo "1175"]
[PlyCount "98"]
[EventDate "2023.02.25"]
[EventType "swiss"]
[EventRounds "5"]
[EventCountry "CAN"]

1. e4 c6 2. Nf3 d5 3. exd5 cxd5 4. d4 Nc6 5. Bd3 Bg4 6. Nbd2 Nxd4 7. h3 Bxf3 8.
Nxf3 Nxf3+ 9. Qxf3 Nf6 10. Bb5+ Nd7 11. Qxd5 a6 12. Bxd7+ Qxd7 13. Qxd7+ Kxd7
14. Be3 e5 15. O-O-O+ Ke6 16. f3 Be7 17. Rhe1 Rhd8 18. Bd4 Bg5+ 19. Kb1 f6 20.
g3 Kf7 21. Bb6 Rxd1+ 22. Rxd1 Re8 23. Rd7+ Re7 24. Rxe7+ Kxe7 25. h4 Bh6 26. g4
Ke6 27. c3 Kd5 28. b3 e4 29. fxe4+ Kxe4 30. Bd8 Kf4 31. g5 fxg5 32. hxg5 Bxg5
33. Bxg5+ Kxg5 34. b4 h5 35. c4 h4 36. c5 h3 37. a4 h2 38. b5 h1=Q+ 39. Kb2
Qg2+ 40. Kc3 Qf3+ 41. Kb4 Qe4+ 42. Ka5 axb5 43. axb5 Kf6 44. Kb6 Ke6 45. c6
bxc6 46. bxc6 Kd6 47. c7 Qc6+ 48. Ka5 Qxc7+ 49. Ka6 Qb8 0-1

[Event "Forcing Moves Winter-2 U1600"]
[Site "Mississauga CAN"]
[Date "2023.02.25"]
[Round "3.10"]
[White "Garg, Shlok"]
[Black "Dembla, Shabd"]
[Result "1-0"]
[WhiteElo "1340"]
[BlackElo "1054"]
[PlyCount "85"]
[EventDate "2023.02.25"]
[EventType "swiss"]
[EventRounds "5"]
[EventCountry "CAN"]

1. d4 Nf6 2. e3 g6 3. Bd3 Bg7 4. f4 d5 5. Nf3 O-O 6. Nbd2 Nc6 7. O-O Bd7 8. Ne5
Qc8 9. h3 Nd8 10. c3 c5 11. Ndf3 c4 12. Bc2 b5 13. b3 Qa6 14. Nxd7 Nxd7 15. Ne5
Qb7 16. bxc4 bxc4 17. Ba3 Re8 18. Nxd7 Qxd7 19. Ba4 Nc6 20. Rb1 Reb8 21. Qc2
Qe6 22. Bxc6 Qxc6 23. Rxb8+ Rxb8 24. Bxe7 Qe6 25. Bc5 Qxe3+ 26. Kh1 a6 27. f5
Qd3 28. Qxd3 cxd3 29. fxg6 fxg6 30. Bb4 Bh6 31. Rd1 d2 32. Kh2 Be3 33. Kg3 Re8
34. c4 Bxd4 35. cxd5 Rd8 36. Rxd2 Rxd5 37. Kf3 Rf5+ 38. Ke4 Bc5 39. Rd8+ Kg7
40. Bc3+ Kh6 41. Rd7 Rh5 42. Bg7+ Kg5 43. Kf3 1-0

[Event "Forcing Moves Winter-2 U1600"]
[Site "Mississauga CAN"]
[Date "2023.02.25"]
[Round "3.11"]
[White "Barnsdale, Nicholas"]
[Black "Shi, Sean"]
[Result "1-0"]
[WhiteElo "917"]
[BlackElo "1187"]
[PlyCount "131"]
[EventDate "2023.02.25"]
[EventType "swiss"]
[EventRounds "5"]
[EventCountry "CAN"]

1. e4 c5 2. Nf3 Nc6 3. Nc3 d6 4. Bb5 Bd7 5. O-O Nf6 6. d4 cxd4 7. Nxd4 g6 8.
Be3 Bg7 9. h3 O-O 10. Qf3 a6 11. Bd3 b5 12. Nd5 Nxd5 13. Nxc6 Bxc6 14. exd5 Bb7
15. c4 Qd7 16. Rab1 bxc4 17. Bxc4 Rfc8 18. b3 a5 19. Rfe1 Ba6 20. Bxa6 Rxa6 21.
Bg5 e5 22. dxe6 fxe6 23. Qe2 Rac6 24. Qxe6+ Qxe6 25. Rxe6 Be5 26. Rd1 Rf8 27.
Bh6 Kf7 28. Rxe5 dxe5 29. Bxf8 Kxf8 30. Rd5 Rc1+ 31. Kh2 Rc2 32. Rxa5 Rxf2 33.
Kg3 Rb2 34. Ra7 Kg8 35. Kf3 h5 36. a4 Rxb3+ 37. Ke4 Rb2 38. Kxe5 Rxg2 39. Kf6
h4 40. a5 g5 41. Rg7+ Kf8 42. Rxg5 Rf2+ 43. Rf5 Ra2 44. Kg5+ Kg7 45. Kxh4 Kg6
46. Rb5 Ra3 47. Rb6+ Kf5 48. a6 Ra4+ 49. Kh5 Ra3 50. h4 Ra5 51. Kh6 Kg4 52.
Rb4+ Kf5 53. Rb6 Kg4 54. Kg7 Kxh4 55. Kf6 Rh5 56. Rb4+ Kg3 57. Ra4 Rh6+ 58. Kg7
Rb6 59. a7 Rb7+ 60. Kf8 Rh7 61. Kg8 Rb7 62. a8=Q Rb3 63. Ra3 Kh2 64. Rxb3 Kg1
65. Qa2 Kf1 66. Rb1# 1-0

[Event "Forcing Moves Winter-2 U1600"]
[Site "Mississauga CAN"]
[Date "2023.02.25"]
[Round "3.12"]
[White "Pedersen, Noah"]
[Black "Hong, Zihan"]
[Result "0-1"]
[WhiteElo "1178"]
[BlackElo "1014"]
[PlyCount "22"]
[EventDate "2023.02.25"]
[EventType "swiss"]
[EventRounds "5"]
[EventCountry "CAN"]

1. e4 d5 2. exd5 Qxd5 3. Nc3 Qa5 4. Bc4 Nf6 5. d4 Bg4 6. Nf3 e6 7. a3 Nc6 8.
Bf4 O-O-O 9. d5 exd5 10. b4 Bxb4 11. axb4 Qxb4 0-1

[Event "Forcing Moves Winter-2 U1600"]
[Site "Mississauga CAN"]
[Date "2023.02.25"]
[Round "3.13"]
[White "Anish, Diganth"]
[Black "Barbisan, Owen"]
[Result "0-1"]
[WhiteElo "1157"]
[BlackElo "921"]
[PlyCount "106"]
[EventDate "2023.02.25"]
[EventType "swiss"]
[EventRounds "5"]
[EventCountry "CAN"]

1. e4 c6 2. Nf3 d5 3. exd5 cxd5 4. d4 Bg4 5. Nc3 e6 6. Be2 Nc6 7. Be3 Qb6 8.
Rb1 Nge7 9. Qd2 Nf5 10. O-O Rc8 11. Rfd1 g6 12. h3 Bxf3 13. Bxf3 Nxe3 14. Qxe3
Ne7 15. Qe5 Rg8 16. Bxd5 Bg7 17. Qe4 exd5 18. Nxd5 Qe6 19. Qxe6 fxe6 20. Nf4
Kf7 21. c3 Nd5 22. Nxd5 exd5 23. Rd3 Rge8 24. Kf1 Re6 25. Rc1 b5 26. f3 Kf6 27.
Kf2 Rce8 28. Rc2 Kf5 29. Rdd2 a5 30. a3 Rc8 31. Re2 Rxe2+ 32. Rxe2 b4 33. Rc2
Bxd4+ 34. Ke2 bxa3 35. bxa3 Rxc3 36. Rxc3 Bxc3 37. Kd3 d4 38. g3 h5 39. f4 h4
40. gxh4 Kxf4 41. h5 gxh5 42. h4 Kg4 43. a4 Kxh4 44. Ke2 Kg3 45. Kd3 h4 46. Ke2
h3 47. Kd3 h2 48. Kc4 h1=N 49. Kd3 Nf2+ 50. Ke2 d3+ 51. Ke3 d2 52. Ke2 d1=Q+
53. Ke3 Qd2# 0-1

[Event "Forcing Moves Winter-2 U1600"]
[Site "Mississauga CAN"]
[Date "2023.02.25"]
[Round "3.15"]
[White "Zheng, Kingsley"]
[Black "Sekaran, Adithya"]
[Result "1-0"]
[WhiteElo "910"]
[BlackElo "1054"]
[PlyCount "61"]
[EventDate "2023.02.25"]
[EventType "swiss"]
[EventRounds "5"]
[EventCountry "CAN"]

1. e4 c5 2. Nf3 Nc6 3. d4 cxd4 4. Nxd4 Nf6 5. Nc3 e6 6. Nxc6 bxc6 7. e5 Nd5 8.
Ne4 Be7 9. c4 Nb6 10. c5 Nd5 11. Nd6+ Bxd6 12. cxd6 Bb7 13. Qg4 g6 14. Bg5 Qb6
15. b3 h5 16. Qf3 Qd4 17. Rc1 Qxe5+ 18. Be3 Qxd6 19. Bd4 Qb4+ 20. Bc3 Nxc3 21.
Rxc3 Qd4 22. Be2 Rb8 23. O-O c5 24. Qg3 h4 25. Qxb8+ Ke7 26. Qxb7 Qxc3 27. Qxa7
h3 28. Rd1 Qe5 29. Rxd7+ Kf6 30. Rxf7+ Kg5 31. f4+ 1-0

[Event "Forcing Moves Winter-2 U1600"]
[Site "Mississauga CAN"]
[Date "2023.02.25"]
[Round "3.16"]
[White "Prakash, Tejas"]
[Black "Natarajan, Bhargav"]
[Result "0-1"]
[WhiteElo "631"]
[BlackElo "518"]
[PlyCount "66"]
[EventDate "2023.02.25"]
[EventType "swiss"]
[EventRounds "5"]
[EventCountry "CAN"]

1. e4 e5 2. Nf3 d5 3. Nc3 d4 4. Nb1 Bg4 5. h3 Bxf3 6. Qxf3 Nf6 7. Be2 Nc6 8.
O-O Be7 9. Rd1 Nb4 10. Bd3 O-O 11. a3 Nxd3 12. Qxd3 Qd7 13. Qf3 Qc6 14. Qd3
Nxe4 15. Re1 Nc5 16. Qe2 Nd7 17. d3 Rfe8 18. Qg4 h6 19. c4 Rab8 20. Re2 Nc5 21.
Qg3 Nb3 22. Qxe5 Nxa1 23. Re4 Bd6 24. Qxd4 Rxe4 25. dxe4 Nb3 26. Qxa7 Re8 27.
Qe3 Nxc1 28. Qxc1 Qxe4 29. Nd2 Qe5 30. g3 h5 31. b3 h4 32. g4 Qh2+ 33. Kf1 Qh1#
0-1

[Event "Forcing Moves Winter-2 U1600"]
[Site "Mississauga CAN"]
[Date "2023.02.25"]
[Round "3.17"]
[White "Sreekumar, Gayathri"]
[Black "Lewis, Matt"]
[Result "1/2-1/2"]
[WhiteElo "974"]
[BlackElo "1000"]
[PlyCount "60"]
[EventDate "2023.02.25"]
[EventType "swiss"]
[EventRounds "5"]
[EventCountry "CAN"]

1. d4 d5 2. c4 e6 3. Nf3 c5 4. g3 Nf6 5. Bg2 cxd4 6. Nxd4 Bc5 7. O-O O-O 8.
cxd5 Nxd5 9. Nc3 Qb6 10. e3 Nxc3 11. bxc3 Rd8 12. Qc2 Bd7 13. Rb1 Qc7 14. Bxb7
Bxd4 15. exd4 Bc6 16. Bxa8 Bxa8 17. Bf4 Qc6 18. f3 Nd7 19. Qb3 Nb6 20. Qb5 Qxc3
21. Be5 Bxf3 22. Bxg7 Qe3+ 23. Rf2 Kxg7 24. Rb3 Qxd4 25. Rbxf3 f5 26. Rf4 Qa1+
27. Kg2 Rd5 28. Qe8 Qe5 29. Qe7+ Kg6 30. Qe8+ Kg7 1/2-1/2

[Event "Forcing Moves Winter-2 U1600"]
[Site "Mississauga CAN"]
[Date "2023.02.25"]
[Round "3.18"]
[White "Routray, Anshuman"]
[Black "Deshpande, Rucha"]
[Result "1-0"]
[WhiteElo "997"]
[BlackElo "961"]
[PlyCount "145"]
[EventDate "2023.02.25"]
[EventType "swiss"]
[EventRounds "5"]
[EventCountry "CAN"]

1. d4 d5 2. Bf4 Nf6 3. Nf3 Nc6 4. e3 Bf5 5. Nc3 e6 6. Bd3 Bg6 7. Qe2 Bb4 8. O-O
O-O 9. Bxg6 fxg6 10. Nb5 Rc8 11. a4 a6 12. Na3 Nh5 13. Bg3 Nxg3 14. fxg3 Qe7
15. c3 Bd6 16. e4 Rce8 17. Nc2 dxe4 18. Qxe4 e5 19. Rfe1 exd4 20. Qd5+ Qf7 21.
Qxf7+ Kxf7 22. Ncxd4 Nxd4 23. Nxd4 Bc5 24. Rad1 Rd8 25. Kh1 Rfe8 26. Nf3 Rxd1
27. Rxd1 Bd6 28. Nd4 c5 29. Nf3 Bc7 30. Rd7+ Re7 31. Ng5+ Kf6 32. Nxh7+ Kf7 33.
Ng5+ Kf6 34. Rxe7 Kxe7 35. Ne4 Bd6 36. Kg1 Ke6 37. Kf2 Ke5 38. Nxd6 Kxd6 39.
Kf3 Kd5 40. Kf4 Kc4 41. Kg5 Kb3 42. Kxg6 Kxb2 43. h4 Kxc3 44. h5 Kd3 45. Kxg7
c4 46. h6 c3 47. h7 c2 48. h8=Q c1=Q 49. Qd8+ Kc2 50. Qc7+ Kd1 51. Qxc1+ Kxc1
52. g4 b5 53. axb5 axb5 54. g5 b4 55. g6 b3 56. Kf7 b2 57. g7 b1=Q 58. g8=Q
Qb7+ 59. Kf6 Qc6+ 60. Kf5 Qc5+ 61. Kg4 Qc6 62. Qg5+ Kb1 63. Qf5+ Kc1 64. g3
Qc4+ 65. Qf4+ Qxf4+ 66. Kxf4 Kd2 67. Kf5 Kd3 68. Kf6 Kd4 69. g4 Ke4 70. g5 Kf4
71. g6 Ke4 72. g7 Kd4 73. g8=Q 1-0

[Event "Forcing Moves Winter-2 U1600"]
[Site "Mississauga CAN"]
[Date "2023.02.26"]
[Round "4.7"]
[White "Dodd, Alex"]
[Black "Tuladhar, Jude"]
[Result "1/2-1/2"]
[WhiteElo "1175"]
[BlackElo "1189"]
[PlyCount "94"]
[EventDate "2023.02.25"]
[EventType "swiss"]
[EventRounds "5"]
[EventCountry "CAN"]

1. d4 Nf6 2. c4 g6 3. Nc3 d5 4. cxd5 Nxd5 5. Na4 Nb6 6. e4 Bg7 7. Be3 O-O 8.
Nf3 Nxa4 9. Qxa4 c5 10. Rd1 Nc6 11. Be2 cxd4 12. Nxd4 Qa5+ 13. Qxa5 Nxa5 14.
O-O a6 15. b4 e5 16. bxa5 exd4 17. Bxd4 Be6 18. Bc5 Rfe8 19. a3 Bb3 20. Rb1 Bc2
21. Rxb7 Bxe4 22. Re7 Rxe7 23. Bxe7 Re8 24. Bb4 Bxg2 25. Kxg2 Rxe2 26. Rd1 Re8
27. Rd6 Ra8 28. h3 Be5 29. Rc6 f5 30. Kf3 Kf7 31. Ke3 g5 32. Bd6 Re8 33. Kf3
Re6 34. Rc7+ Kg8 35. Bxe5 Rxe5 36. Rc8+ Kf7 37. Rc7+ Ke8 38. Rxh7 Rxa5 39. Rh5
g4+ 40. hxg4 Rxa3+ 41. Kf4 fxg4 42. Kxg4 a5 43. f4 Ra1 44. Rd5 a4 45. Kg5 a3
46. Ra5 a2 47. Kf6 Rf1 1/2-1/2